000 00369nam a2200157Ia 4500
005 20250430031405.0
008 240331s9999 xx 000 0 und d
020 _a9552048540
082 _bRAM
_a891
100 _aRamlane,P
245 0 _aGigiri wale kavi
260 _aColombo
_bS. Godake & Brothers
_c2001
300 _a84 p ., ( C 4)
650 _aPoems
942 _cL
999 _c5628
_d5628